Statistics for Countries of the Americas and Oceania with an Empty Map

Click here to take the quiz!

General Stats

  • This quiz has been taken 554 times
  • The average score is 45 of 49

Answers on the Map

Answers color-coded by a green-red scale on the quiz's map according to % correct below.
 

Answer Stats

Country% Correct
Australia
97%
Canada
97%
Mexico
97%
United States
97%
Argentina
96%
Brazil
96%
New Zealand
96%
Panama
96%
Bolivia
95%
Colombia
95%
Costa Rica
95%
Paraguay
95%
Uruguay
95%
Chile
94%
Cuba
94%
Ecuador
94%
Guatemala
94%
Nicaragua
94%
Peru
94%
Venezuela
94%
Dominican Republic
93%
El Salvador
93%
Fiji
93%
Guyana
93%
Haiti
93%
Honduras
93%
Suriname
93%
Belize
92%
Dominica
92%
Jamaica
91%
Marshall Islands
91%
Palau
91%
Antigua and Barbuda
90%
Barbados
90%
Federated States of Micronesia
90%
Papua New Guinea
90%
Samoa
90%
Solomon Islands
90%
Tuvalu
90%
Vanuatu
90%
Bahamas
89%
Kiribati
89%
Nauru
89%
Saint Kitts and
Nevis
88%
Saint Lucia
88%
Saint Vincent and the
Grenadines
88%
Tonga
88%
Trinidad and Tobago
88%
Grenada
87%

Score Distribution

Percentile by Number Answered

Percent of People with Each Score

Your Score History

You have not taken this quiz